The XML handbook /
Spremljeno u:
| Glavni autor: | |
|---|---|
| Format: | Knjiga |
| Jezik: | English |
| Izdano: |
Upper Saddle River, NJ :
Prentice Hall PTR,
1998.
|
| Teme: | |
| Oznake: |
Dodaj oznaku
Bez oznaka, Budi prvi tko označuje ovaj zapis!
|
| Thư viện lưu trữ: | Mạng thư viện Đại học Đà Nẵng |
|---|
| LEADER | 00812cam a2200325 i 4500 | ||
|---|---|---|---|
| 001 | 000045670 | ||
| 003 | 4865 | ||
| 005 | 20030228160153.0 | ||
| 008 | 010220|1998 vm 000 eng | ||
| 020 | |a 0130811521 | ||
| 040 | |a IRC |c IRC |d IRC | ||
| 041 | 0 | |a eng | |
| 082 | 1 | 4 | |a 005.72 |b GO-C |
| 100 | 1 | |a Goldfarb, Charles F. | |
| 245 | 0 | 4 | |a The XML handbook / |c Charles F. Goldfarb. |
| 260 | |a Upper Saddle River, NJ : |b Prentice Hall PTR, |c 1998. | ||
| 300 | |a xliv, 639p. : |b ill. | ||
| 630 | 0 | 4 | |a Computer. |
| 630 | 0 | 4 | |a XML. |
| 650 | 0 | 4 | |a XML (Document markup language) |
| OWN | |a DUT | ||
| 999 | |a From the UDN01 | ||
| TYP | |a Monograph | ||
| TYP | |a Printed language | ||
| 980 | |a Mạng thư viện Đại học Đà Nẵng | ||


